ALL TIME MIAMI HEAT PLAYERS - Statistics

General Stats
  • This quiz has been taken 6 times
  • The average score is 67 of 304
Answer Stats
# Answer Years Games % Correct
1 Dwyane Wade 2004-2019 948
100%
23 LeBron James 2011-2014 294
100%
99 Mike James 2002-2003 93
100%
42 Shaquille O'Neal 2005-2008 205
100%
280 Tim James 2000-2000 4
100%
166 Alexander Johnson 2008-2008 43
80%
3 Bam Adebayo 2018-2026 595
80%
71 Caron Butler 2003-2004 146
80%
240 Charles Smith 1998-1998 11
80%
14 Chris Bosh 2011-2016 384
80%
76 Derrick Jones Jr. 2018-2020 133
80%
136 Dru Smith 2023-2026 64
80%
56 Jaime Jaquez Jr. 2024-2026 175
80%
37 James Johnson 2017-2020 222
80%
20 Jimmy Butler 2020-2025 316
80%
202 Joe Johnson 2016-2016 24
80%
218 Ken Johnson 2003-2003 16
80%
185 Keshad Johnson 2025-2026 30
80%
5 Mario Chalmers 2009-2016 525
80%
51 Rasual Butler 2003-2005 182
80%
43 Steve Smith 1992-2005 202
80%
195 Tony Smith 1996-1996 25
80%
29 Tyler Johnson 2015-2019 257
80%
2 Udonis Haslem 2004-2023 879
80%
4 Alonzo Mourning 1996-2008 593
60%
158 Andrew Wiggins 2025-2026 49
60%
220 Anfernee Hardaway 2008-2008 16
60%
270 Bobby Jones 2008-2008 6
60%
224 Cody Zeller 2023-2023 15
60%
110 Damon Jones 2005-2005 82
60%
137 Davion Mitchell 2025-2026 64
60%
11 Duncan Robinson 2019-2025 423
60%
13 Eddie Jones 2001-2007 387
60%
7 Glen Rice 1990-1995 478
60%
12 Goran Dragić 2015-2021 391
60%
19 Hassan Whiteside 2015-2019 324
60%
269 Jamal Robinson 2001-2001 6
60%
27 James Jones 2009-2014 266
60%
245 Kasparas Jakučionis 2026-2026 11
60%
95 Kel'el Ware 2025-2026 100
60%
77 Nikola Jović 2023-2026 132
60%
168 Okaro White 2017-2018 41
60%
134 Omer Yurtseven 2022-2023 65
60%
130 Orlando Robinson 2023-2024 67
60%
107 Pelle Larsson 2025-2026 83
60%
67 Ray Allen 2013-2014 152
60%
177 Simone Fontecchio 2026-2026 34
60%
98 Terry Rozier 2024-2025 95
60%
16 Tim Hardaway 1996-2001 367
60%
206 Todd Mitchell 1989-1989 22
60%
17 Tyler Herro 2020-2026 367
60%
304 Vladislav Goldin 2026-2026 1
60%
249 Zoran Dragić 2015-2015 10
60%
109 A.C. Green 2001-2001 82
40%
267 Alondes Williams 2024-2024 7
40%
106 Andre Iguodala 2020-2021 84
40%
55 Daequan Cook 2008-2010 179
40%
203 Derek Anderson 2006-2006 23
40%
198 Derrick Williams 2017-2017 25
40%
79 Dion Waiters 2017-2020 123
40%
287 Ernest Brown 2002-2002 3
40%
45 Gabe Vincent 2020-2023 195
40%
128 Gerald Green 2016-2016 69
40%
276 Jahmir Young 2026-2026 5
40%
49 Jason Williams 2006-2008 187
40%
97 Jermaine O'Neal 2009-2010 97
40%
145 Jim Jackson 2002-2002 55
40%
241 Kasib Powell 2008-2008 11
40%
6 Keith Askins 1991-1999 486
40%
28 Kelly Olynyk 2018-2021 265
40%
199 Kyle Anderson 2025-2025 25
40%
66 Kyle Lowry 2022-2024 155
40%
138 KZ Okpala 2020-2022 63
40%
227 Luke Jackson 2008-2008 14
40%
68 Malik Allen 2002-2005 151
40%
57 Mark Strickland 1997-2000 172
40%
290 Matt Williams 2018-2018 3
40%
50 Max Strus 2021-2023 187
40%
148 Meyers Leonard 2020-2021 54
40%
208 Mike Bibby 2011-2011 22
40%
73 Mike Miller 2011-2013 139
40%
182 Norman Powell 2026-2026 31
40%
233 Patty Mills 2024-2024 13
40%
24 P.J. Brown 1997-2000 284
40%
118 Rod Strickland 2002-2002 76
40%
10 Rony Seikaly 1989-1994 439
40%
250 Ryan Anderson 2019-2019 10
40%
87 Shandon Anderson 2005-2006 113
40%
41 Shane Battier 2012-2014 210
40%
274 Shannon Brown 2015-2015 5
40%
281 Shaun Livingston 2009-2009 4
40%
163 Shawne Williams 2015-2015 44
40%
151 Terry Mills 1998-1999 51
40%
184 Trevor Ariza 2021-2021 30
40%
30 Voshon Lenard 1996-2000 249
40%
187 Walt Williams 1996-1996 28
40%
189 Willie Anderson 1997-1997 28
40%
124 Zydrunas Ilgauskas 2011-2011 72
40%
159 Alec Burks 2025-2025 49
20%
251 Avery Bradley 2021-2021 10
20%
9 Bimbo Coles 1991-2004 462
20%
200 Blue Edwards 1999-1999 24
20%
21 Brian Grant 2001-2004 312
20%
46 Caleb Martin 2022-2024 195
20%
53 Chris Andersen 2013-2016 181
20%
135 Chris Silva 2020-2022 64
20%
78 Clarence Weatherspoon 1999-2000 127
20%
183 Danny Granger 2015-2015 30
20%
88 Dewayne Dedmon 2021-2023 113
20%
167 Dexter Pittman 2011-2013 41
20%
35 Eddie House 2001-2011 225
20%
228 Eddy Curry 2012-2012 14
20%
303 Emanuel Terry 2019-2019 1
20%
278 Gary Alexander 1994-1994 4
20%
188 Gary Grant 1997-1997 28
20%
69 Gary Payton 2006-2007 149
20%
8 Grant Long 1989-1995 472
20%
38 Haywood Highsmith 2022-2025 213
20%
211 Jae Crowder 2020-2020 20
20%
93 Jamaal Magloire 2009-2011 109
20%
133 James Ennis III 2015-2016 65
20%
284 Javonte Smart 2022-2022 4
20%
265 Jeff Malone 1996-1996 7
20%
15 Joel Anthony 2008-2014 382
20%
22 Josh Richardson 2016-2025 310
20%
32 Justise Winslow 2016-2020 241
20%
101 Juwan Howard 2011-2013 92
20%
80 Kendrick Nunn 2020-2021 123
20%
18 Kevin Edwards 1989-1993 357
20%
96 Kevin Love 2023-2025 99
20%
297 Kyle Alexander 2020-2020 2
20%
212 Kyle Guy 2022-2022 19
20%
239 Marcus Garrett 2022-2022 12
20%
217 Markieff Morris 2022-2022 17
20%
196 Marty Conlon 1998-1999 25
20%
243 Maurice Harkless 2021-2021 11
20%
299 Mychal Mulder 2022-2022 2
20%
252 Myron Gardner 2026-2026 10
20%
244 Nemanja Bjelica 2021-2021 11
20%
298 Nik Stauskas 2022-2022 2
20%
26 Norris Cole 2012-2015 274
20%
126 P.J. Tucker 2022-2022 71
20%
141 Precious Achiuwa 2021-2021 61
20%
119 Quentin Richardson 2010-2010 76
20%
105 Rex Walters 1998-2000 85
20%
263 R.J. Hampton 2024-2024 8
20%
155 Shabazz Napier 2015-2015 51
20%
242 Solomon Hill 2020-2020 11
20%
156 Terry Porter 1999-1999 50
20%
161 Thomas Bryant 2024-2025 48
20%
273 Tyrone Hill 2004-2004 5
20%
149 Victor Oladipo 2021-2023 54
20%
176 Wang Zhizhi 2004-2005 34
20%
60 Wayne Ellington 2017-2019 164
20%
121 Alan Ogg 1991-1992 74
0%
40 Alec Kessler 1991-1994 210
0%
150 Amar'e Stoudemire 2016-2016 52
0%
282 Andre Dawkins 2015-2015 4
0%
31 Anthony Carter 2000-2003 246
0%
114 Anthony Mason 2001-2001 80
0%
209 Anthony Taylor 1989-1989 21
0%
63 Antoine Walker 2006-2007 160
0%
268 Antonio Lang 1998-1998 6
0%
172 Beno Udrih 2016-2016 36
0%
91 Billy Owens 1995-1996 110
0%
34 Billy Thompson 1989-1991 231
0%
238 Blake Ahearn 2008-2008 12
0%
140 Brad Lohaus 1995-1995 61
0%
216 Brent Barry 1998-1998 17
0%
48 Brian Shaw 1992-1994 191
0%
302 Briante Weber 2016-2016 1
0%
92 Bruce Bowen 1997-2001 110
0%
83 Carlos Arroyo 2010-2011 121
0%
192 Cedric Ceballos 2001-2001 27
0%
116 Chris Gatling 1996-2002 78
0%
58 Chris Quinn 2007-2009 168
0%
157 Christian Laettner 2005-2005 49
0%
257 Clinton Wheeler 1989-1989 8
0%
215 Cole Swider 2024-2024 18
0%
179 Craig Neal 1989-1989 32
0%
25 Dan Majerle 1997-2001 278
0%
180 Danny Schayes 1996-1996 32
0%
283 Daryl Macon 2020-2020 4
0%
264 Dave Popson 1989-1989 7
0%
301 DeAndre Liggins 2014-2014 1
0%
229 Delon Wright 2024-2024 14
0%
221 Derrick Walton 2018-2018 16
0%
260 Don MacLean 2001-2001 8
0%
39 Dorell Wright 2005-2010 211
0%
90 Duane Causwell 1998-2001 112
0%
111 Earl Barron 2006-2008 82
0%
191 Ed Pinckney 1997-1997 27
0%
154 Erick Dampier 2011-2011 51
0%
108 Eric Murdock 1998-1998 82
0%
214 Gerald Fitch 2006-2006 18
0%
204 Greg Oden 2014-2014 23
0%
235 Harold Jamison 2000-2000 12
0%
52 Harold Miner 1993-1995 181
0%
201 Henry Walker 2015-2015 24
0%
75 Isaac Austin 1997-1998 134
0%
291 Isaiah Stevens 2025-2025 3
0%
164 Jamal Cain 2023-2024 44
0%
54 Jamal Mashburn 1997-2000 180
0%
285 Jamaree Bouyea 2023-2023 4
0%
194 Jamario Moon 2009-2009 26
0%
74 James Posey 2006-2007 138
0%
259 James Scott 1997-1997 8
0%
286 Jamie Watson 1999-1999 3
0%
275 Jarnell Stokes 2016-2016 5
0%
262 Jarvis Varnado 2013-2013 8
0%
85 Jason Kapono 2006-2007 118
0%
294 Jerome Beasley 2004-2004 2
0%
266 Jerry Stackhouse 2011-2011 7
0%
225 Jim Rowinski 1990-1990 14
0%
160 John Crotty 1997-1997 48
0%
210 John Morton 1992-1992 21
0%
44 John Salley 1993-1995 202
0%
131 John Shasky 1989-1989 65
0%
171 John Wallace 2004-2004 37
0%
65 Jon Sundvold 1989-1992 158
0%
205 Jordan Mickey 2018-2018 23
0%
230 Josh Christopher 2025-2025 14
0%
271 Josh Harrellson 2013-2013 6
0%
112 Josh McRoberts 2015-2017 81
0%
181 Justin Hamilton 2014-2015 31
0%
253 Kelvin Upshaw 1989-1989 9
0%
132 Kendall Gill 2002-2002 65
0%
81 Kevin Gamble 1995-1996 121
0%
226 Kevin Pritchard 1995-1995 14
0%
89 Kevin Willis 1995-1996 112
0%
122 Keyon Dooling 2005-2005 74
0%
129 Khalid Reeves 1995-1995 67
0%
293 Kirk Penney 2004-2004 2
0%
100 Kurt Thomas 1996-1997 92
0%
115 Lamar Odom 2004-2004 80
0%
82 LaPhonso Ellis 2002-2003 121
0%
147 Ledell Eackles 1995-1995 54
0%
234 LeRon Ellis 1996-1996 12
0%
170 Loren Woods 2004-2004 38
0%
113 Luke Babbitt 2017-2018 81
0%
72 Luol Deng 2015-2016 146
0%
248 Luther Head 2009-2009 10
0%
258 Manute Bol 1994-1994 8
0%
190 Marcus Banks 2008-2009 28
0%
104 Mark Blount 2008-2009 89
0%
279 Mark Davis 1999-1999 4
0%
246 Martin Müürsepp 1997-1997 10
0%
300 Matt Fish 1997-1997 1
0%
47 Matt Geiger 1993-1995 194
0%
295 Matt Walsh 2006-2006 2
0%
33 Michael Beasley 2009-2015 238
0%
59 Michael Doleac 2005-2007 167
0%
261 Mickell Gladness 2012-2012 8
0%
254 Miloš Babić 1992-1992 9
0%
231 Milt Wagner 1991-1991 13
0%
277 Morlon Wiley 1994-1994 4
0%
152 Otis Thorpe 2000-2000 51
0%
102 Pat Cummings 1989-1990 90
0%
146 Pearl Washington 1989-1989 54
0%
169 Pete Myers 1996-1996 39
0%
288 Qyntel Woods 2005-2005 3
0%
94 Rafer Alston 2004-2010 107
0%
86 Rashard Lewis 2013-2014 115
0%
143 Rex Chapman 1996-1996 56
0%
103 Ricky Davis 2001-2008 89
0%
237 Robert Hite 2007-2007 12
0%
175 Rodney Buford 2000-2000 34
0%
62 Rodney McGruder 2017-2019 162
0%
197 Roger Mason 2014-2014 25
0%
213 Ron Grandison 1996-1996 18
0%
232 Ronny Turiaf 2012-2012 13
0%
61 Rory Sparrow 1989-1990 162
0%
178 Samaki Walker 2004-2004 33
0%
236 Sam Mack 2002-2002 12
0%
139 Sasha Danilović 1996-1997 62
0%
165 Scott Haffner 1990-1990 43
0%
120 Scott Hastings 1989-1989 75
0%
173 Sean Lampley 2003-2003 35
0%
162 Sean Marks 2002-2003 44
0%
289 Shavlik Randolph 2010-2010 3
0%
142 Shawn Marion 2008-2009 58
0%
64 Sherman Douglas 1990-1992 159
0%
256 Smush Parker 2008-2008 9
0%
222 Stacey King 1996-1996 15
0%
223 Stéphane Lasme 2008-2008 15
0%
144 Sylvester Gray 1989-1989 55
0%
255 Tang Hamilton 2002-2002 9
0%
117 Tellis Frank 1990-1990 77
0%
186 Terrel Harris 2012-2013 29
0%
174 Terrence Rencher 1996-1996 34
0%
84 Terry Davis 1990-1991 118
0%
272 Todd Day 1998-1998 5
0%
247 Todd Fuller 2001-2001 10
0%
193 Toney Douglas 2014-2014 27
0%
123 Travis Best 2003-2003 72
0%
207 Tyrone Corbin 1996-1996 22
0%
70 Vladimir Stepania 2002-2003 146
0%
153 Wayne Simien 2006-2007 51
0%
219 Wesley Person 2005-2005 16
0%
36 Willie Burton 1991-1994 223
0%
125 Willie Reed 2017-2017 71
0%
292 Winston Bennett 1992-1992 2
0%
127 Yakhouba Diawara 2009-2010 69
0%
296 Yante Maten 2019-2019 2
0%
No matching quizzes found
Score Distribution
Percent of People with Each Score
Percentile by Number Answered
Your Score History
You have not taken this quiz